Normal view MARC view
  • BRASIL -

Entry Nombre Geográfico

Number of records used in: 1

001 - NÚMERO DE CONTROL

  • campo de control: 25039

003 - IDENTIFICADOR DE NUMERO DE CONTROL

  • campo de control: UPN

005 - FECHA Y HORA DE LA ÜLTIMA TRANSACCIÓN

  • campo de control: 20210219194018.0

008 - DATOS DE LONGITUD FIJA

  • campo de control de longitud fija: nabaccnnaabn|||||||||| b |nc|||||d

035 ## - NÚMERO DE CONTROL

  • Número de control: UPN10000025048

040 ## - FUENTE DE CATALOGACIÓN

  • Lenguaje de catalogación: SPA
  • Agencia de transcripción: UPN

151 #4 - ENCABEZAMIENTO - NOMBRE GEOGRÁFICO

  • Nombre geográfico: BRASIL -
  • Subdivisión general : VIDA SOCIAL Y COSTUMBRES -
  • Subdivisión de forma: NOVELA

670 ## - FUENTE EN LA QUE SE LOCALIZARON DATOS

  • Cita de la fuente: LC
  • Información localizada: Brazil - Description and travel - Fiction

902 ## - CATALOGADOR

  • Catalogador: BDV/041016